[Event "66th ch-RUS HL w 2016"]
[Site "Kolomna RUS"]
[Date "2016.06.27"]
[Round "5.23"]
[White "Gvanceladze, Anna"]
[Black "Mikhailova, Lubov"]
[Result "1-0"]
[WhiteTitle "WFM"]
[WhiteElo "2179"]
[BlackElo "2051"]
[WhiteFideId "4113721"]
[BlackFideId "4164296"]
[EventDate "2016.06.22"]

1. d4 Nf6 2. Nf3 e6 3. Bf4 Nc6 4. e3 d5 5. Nbd2 Bd6 6. Ne5 O-O 7. Bd3 Ne7 8. O-O
b6 9. c3 Bb7 10. Qf3 Ng6 11. Nxg6 hxg6 12. Rfe1 c5 13. Be5 Qe7 14. Qf4 Rad8 15.
Nf3 Nh5 16. Qg4 Nf6 17. Bxd6 Rxd6 18. Qh4 Re8 19. Ne5 Nd7 20. Qg3 Nxe5 21. dxe5
Rdd8 22. h4 d4 23. exd4 cxd4 24. c4 Rc8 25. Rad1 Red8 26. b3 Rc5 27. Rd2 Rc7 28.
Red1 Rcd7 29. Qg4 Qc5 30. f4 Qc7 31. Kf2 Re7 32. Rh1 Qc6 33. Rh2 Ree8 34. h5
gxh5 35. Qxh5 Kf8 36. Qg5 Kg8 37. Bh7+ 1-0

[Event "66th ch-RUS HL w 2016"]
[Site "Kolomna RUS"]
[Date "2016.06.27"]
[Round "5.24"]
[White "Chkhan, Viktoria"]
[Black "Faizutdinova, Diana"]
[Result "0-1"]
[WhiteTitle "WFM"]
[WhiteElo "2164"]
[BlackElo "2006"]
[WhiteFideId "4123107"]
[BlackFideId "24143731"]
[EventDate "2016.06.22"]

1. d4 Nf6 2. Nf3 g6 3. c4 d6 4. Nc3 Bf5 5. Bf4 Bg7 6. e3 Ne4 7. Qb3 Nxc3 8. bxc3
Bc8 9. Bd3 O-O 10. h4 c5 11. h5 e5 12. Bg5 f6 13. Bh4 g5 14. h6 Bh8 15. Bxh7+
Kxh7 16. Qc2+ e4 17. Bxg5 fxg5 18. Qxe4+ Bf5 19. Qxb7+ Nd7 20. Rd1 cxd4 21. Nxd4
Bxd4 22. cxd4 Qb6 23. Qd5 Qb4+ 24. Kf1 Nb6 25. Qb7+ Bd7 26. Qe4+ Kh8 27. c5 Qc4+
28. Kg1 Bf5 29. Qe7 Rf7 30. Qxd6 Qd5 31. Qg3 Nc4 32. Rh5 g4 33. Rc1 Re8 34. Rg5
Nd2 35. Qf4 Ne4 36. Rh5 Qe6 37. Rh4 Kh7 38. c6 Bg6 39. Qxg4 Qxa2 40. c7 Qxf2+
41. Kh2 Bf5 42. Qh5 Ref8 43. c8=Q Qg3+ 44. Kg1 Qxe3+ 45. Kh2 Bxc8 46. Rxc8 Qg3+ 0-1

[Event "66th ch-RUS HL w 2016"]
[Site "Kolomna RUS"]
[Date "2016.06.27"]
[Round "5.25"]
[White "Nasybullina, Alfia"]
[Black "Selifonova, Aleksandra"]
[Result "1-0"]
[WhiteTitle "WFM"]
[WhiteElo "2143"]
[BlackElo "1980"]
[WhiteFideId "4132416"]
[BlackFideId "24115983"]
[EventDate "2016.06.22"]

1. d4 Nf6 2. Nf3 e6 3. e3 b6 4. Bd3 Bb7 5. O-O d5 6. b3 Bd6 7. Bb2 Nbd7 8. Nbd2
O-O 9. Ne5 Bxe5 10. dxe5 Ne4 11. f3 Nec5 12. Be2 a5 13. c4 dxc4 14. Nxc4 Qg5 15.
Rf2 Rfd8 16. Qc2 b5 17. f4 Qe7 18. Nd2 b4 19. Bf1 Nb6 20. Bd4 Ncd7 21. Qxc7 Rab8
22. Qd6 Qxd6 23. exd6 f6 24. Nc4 Bd5 25. Bd3 Bxc4 26. bxc4 Rbc8 27. c5 Nxc5 28.
Bf1 Rxd6 29. Rc2 Ne4 30. Rxc8+ Nxc8 31. Rc1 Rd8 32. Rc6 Kf7 33. Bc4 Ned6 34. Bb3
Re8 35. Bc5 Ne4 36. f5 Nxc5 37. Rxc5 Nd6 38. fxe6+ Kg6 39. Rxa5 f5 40. Ra6 Ne4
41. Rb6 Nc5 42. Bc4 Kg5 43. g3 Re7 44. Kg2 h6 45. h4+ Kf6 46. Rxb4 g5 47. hxg5+
hxg5 48. Rb6 Ke5 49. Rc6 Nb7 50. Bb3 f4 51. exf4+ gxf4 52. g4 Nd6 53. Rc1 Ne8
54. Kf3 Nf6 55. Rc5+ Kd6 56. Rf5 Ne8 57. Rf7 Nc7 58. Rxe7 Kxe7 59. Kxf4 Kf6 60.
g5+ Kg6 61. Bc2+ Kg7 62. Ke5 Kf8 63. Kd6 Ne8+ 64. Kd7 Ng7 65. a4 Ne8 66. e7+ Kf7
67. g6+ 1-0

[Event "66th ch-RUS HL w 2016"]
[Site "Kolomna RUS"]
[Date "2016.06.28"]
[Round "6.1"]
[White "Pustovoitova, Daria"]
[Black "Ovod, Evgenija"]
[Result "0-1"]
[WhiteTitle "FM"]
[BlackTitle "IM"]
[WhiteElo "2297"]
[BlackElo "2338"]
[WhiteFideId "4182146"]
[BlackFideId "4131827"]
[EventDate "2016.06.22"]

1. c4 Nf6 2. Nc3 c5 3. Nf3 e6 4. g3 b6 5. Bg2 Bb7 6. O-O d6 7. Re1 Nbd7 8. e4 a6
9. d4 cxd4 10. Nxd4 Qc7 11. Be3 Be7 12. Rc1 O-O 13. f4 Rfe8 14. g4 h6 15. g5
hxg5 16. fxg5 Nh7 17. g6 Nhf8 18. gxf7+ Kxf7 19. Nd5 exd5 20. cxd5 Qb8 21. Ne6
Bf6 22. Bh3 Kg8 23. Rf1 Re7 24. Rc7 Rxe6 25. dxe6 Qxc7 26. exd7 Bxe4 27. Rf4 Qc6
28. Qb3+ Kh8 29. Qf7 Bg6 30. Qb3 d5 31. Qxb6 Qxb6 32. Bxb6 Nxd7 33. Bxd7 Rb8 34.
Bd4 Rb4 35. Be5 Rxf4 36. Bxf4 Bxb2 37. Be6 Be4 38. Kf2 g6 39. Bd6 Kg7 40. Ke3
Kf6 41. Bc8 a5 42. Bc7 a4 43. Bd8+ Kf7 44. Bd7 a3 45. Ba4 Ke6 46. Bb3 Kf5 47.
Be7 d4+ 48. Ke2 Bb1 49. Bc4 Ke4 50. Bf7 Ke5 51. Bc4 Bf5 52. Kd2 Kf4 53. Ke2 Bg4+
54. Kd3 Kf3 55. Bd6 Bf5+ 56. Kd2 Bc3+ 57. Kd1 Ke3 58. Be7 d3 59. Bg5+ Kd4 60.
Bf7 Ke4 61. Bc4 Bg4+ 62. Kc1 Bh3 63. Kd1 Bb4 64. Bf7 Kf5 65. Be3 g5 66. Bg8 Kg6
67. Bc4 Bg4+ 68. Kc1 Be2 69. Bd2 Bd6 70. h3 Be5 71. Be6 Bb2+ 72. Kb1 Bd1 73. Bb3
Bf3 74. Bc4 Be4 75. Bb5 Bf5 76. Be8+ Kf6 77. Bb5 Ke5 78. Ba6 Kd4 79. Bb5 Kd5 80.
Ba6 Kc5 81. Bb7 Kb6 82. Bd5 Kc7 83. Bc4 Kb7 84. Bd5+ Ka7 85. Bc4 Kb8 86. Bd5 Kc8
87. Bc4 Kc7 88. Bd5 Kd7 89. Bc4 Kc6 90. Ba6 Kd5 91. Bb5 Kd4 92. Ba4 Bc3 93. Kc1
Bxd2+ 94. Kxd2 Bxh3 0-1

[Event "66th ch-RUS HL w 2016"]
[Site "Kolomna RUS"]
[Date "2016.06.28"]
[Round "6.2"]
[White "Kovalevskaya, Ekaterina"]
[Black "Vasilevich, Tatjana"]
[Result "1/2-1/2"]
[WhiteTitle "IM"]
[BlackTitle "IM"]
[WhiteElo "2466"]
[BlackElo "2367"]
[WhiteFideId "4116704"]
[BlackFideId "14101610"]
[EventDate "2016.06.22"]

1. e4 c5 2. Nf3 a6 3. c4 Nc6 4. d4 cxd4 5. Nxd4 Nf6 6. Nc3 e5 7. Nc2 Bc5 8. Be2
O-O 9. O-O d6 10. Qd3 Be6 11. Be3 Rc8 12. Rfd1 Nb4 13. Nxb4 Bxb4 14. Nd5 Bxd5
15. exd5 Bc5 16. Bxc5 dxc5 17. d6 Qd7 18. Rd2 Rfe8 19. Rad1 Rc6 20. h3 h5 21.
Qe3 g6 22. Bd3 Re6 23. Be4 Nxe4 24. Qxe4 Rcxd6 25. Rxd6 Rxd6 26. Rxd6 Qxd6 27.
Qxb7 Qd1+ 28. Kh2 Qd4 29. f3 Qf4+ 30. Kh1 Qxc4 31. Qb8+ Kh7 32. Qxe5 Qxa2 33.
Kh2 Qc4 34. f4 a5 35. f5 a4 36. fxg6+ Kxg6 37. Qd6+ Kf5 38. Qd7+ Ke4 39. Qd2 h4
40. Qe1+ Kd5 41. Qf2 Ke5 42. Qe1+ Qe4 43. Qd1 Qd4 44. Qe2+ Kd5 45. Qb5 Ke6 46.
Qe8+ Kf6 47. Qb5 Kf5 48. Qb7 f6 49. Kh1 Kg6 50. Qb5 Kg5 51. Qb7 Kf4 52. Qf3+ Ke5
53. Qe2+ Kd5 54. Qb5 Qd1+ 55. Kh2 Qd4 56. Kh1 Ke5 57. Qe2+ Qe4 58. Qd2 Qf4 59.
Qe2+ Kd5 60. Qd3+ Ke5 61. Qe2+ Qe4 62. Qd2 Qb4 63. Qe3+ Kd5 64. Qd3+ Ke6 65.
Qe2+ Kf7 66. Qc2 Kg7 67. Qe2 Kf7 68. Qc2 Qe1+ 69. Kh2 Qe5+ 70. Kh1 Qd4 71. Qh7+
Ke6 72. Qg8+ Ke5 73. Qe8+ Kd5 1/2-1/2

[Event "66th ch-RUS HL w 2016"]
[Site "Kolomna RUS"]
[Date "2016.06.28"]
[Round "6.3"]
[White "Kashlinskaya, Alina"]
[Black "Bivol, Alina"]
[Result "1-0"]
[WhiteTitle "IM"]
[BlackTitle "WIM"]
[WhiteElo "2467"]
[BlackElo "2359"]
[WhiteFideId "4198026"]
[BlackFideId "4100123"]
[EventDate "2016.06.22"]

1. d4 Nf6 2. c4 g6 3. Nc3 Bg7 4. e4 d6 5. f4 O-O 6. Nf3 a6 7. e5 Nfd7 8. Qe2 e6
9. Be3 c5 10. exd6 cxd4 11. Bxd4 Bxd4 12. Nxd4 Qb6 13. O-O-O Qxd6 14. Qf2 Qc7
15. h4 Nf6 16. Be2 h5 17. Kb1 e5 18. fxe5 Ng4 19. Bxg4 Bxg4 20. Nd5 Qxe5 21.
Rhe1 Qg7 22. Nf6+ Kh8 23. Nxg4 hxg4 24. Qf4 Nd7 25. Nf5 gxf5 26. Rxd7 Rae8 27.
Rxe8 Rxe8 28. Qxf5 Re1+ 29. Kc2 Qe5 30. Qxe5+ Rxe5 31. Rxb7 Re2+ 32. Kd3 Rxg2
33. c5 Rg1 34. Ke3 Rc1 35. Kf4 Rc4+ 36. Kg3 Kg7 37. b3 Rxc5 38. Kxg4 Ra5 39. a4
Rd5 40. Rb6 Rd3 41. h5 f6 42. b4 a5 43. Rb7+ Kh6 44. bxa5 Rd4+ 45. Kf5 Rxa4 46.
Rb5 Kxh5 47. Kxf6+ Kh6 48. Ke6 Kg7 49. Kd7 Kf7 50. Kc7 Ke6 51. Kb7 Rh4 52. a6
Rh7+ 53. Kb6 1-0

[Event "66th ch-RUS HL w 2016"]
[Site "Kolomna RUS"]
[Date "2016.06.28"]
[Round "6.4"]
[White "Kovanova, Baira"]
[Black "Nechaeva, Marina"]
[Result "1/2-1/2"]
[WhiteTitle "WGM"]
[BlackTitle "IM"]
[WhiteElo "2382"]
[BlackElo "2425"]
[WhiteFideId "4164083"]
[BlackFideId "4149351"]
[EventDate "2016.06.22"]

1. e4 c6 2. d4 d5 3. Nc3 dxe4 4. Nxe4 Bf5 5. Ng3 Bg6 6. N1e2 Nf6 7. Nf4 e5 8.
Nxg6 hxg6 9. dxe5 Qa5+ 10. Bd2 Qxe5+ 11. Qe2 Nbd7 12. Qxe5+ Nxe5 13. O-O-O O-O-O
14. h3 Bc5 15. f4 Ned7 16. Bc4 Bf2 17. Be1 Be3+ 18. Bd2 Bf2 19. Be1 Be3+ 20. Bd2 1/2-1/2

[Event "66th ch-RUS HL w 2016"]
[Site "Kolomna RUS"]
[Date "2016.06.28"]
[Round "6.5"]
[White "Mirzoeva, Elmira"]
[Black "Savina, Anastasia"]
[Result "0-1"]
[WhiteTitle "WGM"]
[BlackTitle "IM"]
[WhiteElo "2344"]
[BlackElo "2384"]
[WhiteFideId "4127951"]
[BlackFideId "4196872"]
[EventDate "2016.06.22"]

1. d4 Nf6 2. c4 g6 3. Nc3 Bg7 4. e4 d6 5. Nf3 O-O 6. Be2 Bg4 7. Be3 Nfd7 8. Rc1
e5 9. d5 a5 10. h3 Bxf3 11. Bxf3 f5 12. O-O Na6 13. a3 Nf6 14. exf5 gxf5 15. b4
axb4 16. axb4 Nxb4 17. Rb1 Na6 18. Rxb7 e4 19. Be2 Nd7 20. Bd4 Bxd4 21. Qxd4
Nac5 22. Rbb1 Ne5 23. Kh1 Qh4 24. f4 Ned3 25. Qe3 Rf7 26. Kh2 Rg7 27. Nb5 Kh8
28. g3 Qf6 29. Nd4 Ra4 30. Nxf5 Rg8 31. g4 Rxc4 32. Rbd1 Ra8 33. Rd2 Nb3 34.
Bxd3 exd3 35. Rxd3 Nc5 36. Rd2 Re4 37. Qf3 Rb8 38. Qf2 Rb3 39. Ra2 h5 40. Ra8+
Kh7 41. Ra2 Nd3 42. Qc2 Rc3 43. Qd2 Nb4 44. Rb2 hxg4 45. hxg4 Kg6 46. g5 Qh8+
47. Nh6 Ree3 48. Qd1 Rh3+ 49. Kg1 Rcd3 50. f5+ Kh7 51. g6+ Kxh6 52. Qc1+ Kh5 53.
Rxb4 Rdg3+ 54. Kf2 Rf3+ 55. Kg2 Rfg3+ 56. Kf2 Rf3+ 57. Kg2 Qe5 58. Re1 Qg3# 0-1

[Event "66th ch-RUS HL w 2016"]
[Site "Kolomna RUS"]
[Date "2016.06.28"]
[Round "6.6"]
[White "Solozhenkina, Elizaveta"]
[Black "Charochkina, Daria"]
[Result "0-1"]
[WhiteTitle "WFM"]
[BlackTitle "IM"]
[WhiteElo "2123"]
[BlackElo "2359"]
[WhiteFideId "34106615"]
[BlackFideId "4180917"]
[EventDate "2016.06.22"]

1. e4 c5 2. Nf3 Nc6 3. Bb5 g6 4. Bxc6 bxc6 5. O-O Bg7 6. Re1 Rb8 7. Nc3 Nh6 8.
b3 O-O 9. Bb2 d6 10. d4 cxd4 11. Nxd4 Bd7 12. Nf3 c5 13. e5 Nf5 14. Ne4 Bc6 15.
Rb1 c4 16. Ned2 d5 17. Nd4 Bd7 18. N2f3 Qa5 19. a4 Rfc8 20. Qe2 c3 21. Ba3 Qb6
22. Nxf5 Bxf5 23. Rbd1 e6 24. Nd4 Be4 25. Bd6 g5 26. a5 Qb7 27. f3 Bg6 28. Bxb8
Qxb8 29. Qe3 h6 30. Ra1 Re8 31. Nc6 Qc7 32. Qxc3 Bf8 33. b4 a6 34. b5 axb5 35.
a6 b4 36. Qd2 Qxc6 37. Ra2 Ra8 38. Qe2 Ra7 39. Kh1 Bc5 40. Rb1 Kg7 41. h3 Rc7
42. Qd2 Qb5 43. Kh2 Ra7 44. f4 Qc4 45. Rba1 gxf4 46. Ra5 Bd4 47. R1a2 Bxe5 0-1

[Event "66th ch-RUS HL w 2016"]
[Site "Kolomna RUS"]
[Date "2016.06.28"]
[Round "6.7"]
[White "Shuvalova, Polina"]
[Black "Travkina, Anastasia"]
[Result "1-0"]
[WhiteTitle "WFM"]
[BlackTitle "WFM"]
[WhiteElo "2409"]
[BlackElo "2267"]
[WhiteFideId "24171760"]
[BlackFideId "24129151"]
[EventDate "2016.06.22"]

1. e4 e5 2. Nf3 Nc6 3. Bb5 g6 4. d4 exd4 5. Bg5 Be7 6. Bxe7 Qxe7 7. Bxc6 dxc6 8.
Qxd4 Nf6 9. Nc3 Bg4 10. Nd2 c5 11. Qe3 O-O-O 12. h3 Bd7 13. O-O-O Bc6 14. f3 h5
15. h4 b6 16. Nc4 Qe6 17. b3 Bb7 18. Qf4 a6 19. Qe5 Rxd1+ 20. Rxd1 Re8 21. Qxe6+
Rxe6 22. Kd2 Nd7 23. Ne2 Re8 24. Nf4 Nf6 25. Nh3 Nh7 26. Ne3 Rd8+ 27. Ke2 Rxd1
28. Nxd1 Kd7 29. Ke3 Nf8 30. Nf4 Kd6 31. Nb2 Nd7 32. Nc4+ Ke7 33. c3 Nf6 34. Ne5
Ne8 35. c4 Nd6 36. Nexg6+ fxg6 37. Nxg6+ Kf7 38. Nf4 b5 39. cxb5 axb5 40. Nxh5
b4 41. Nf4 c4 42. g4 cxb3 43. axb3 c5 44. e5 Nb5 45. Nd3 Bxf3 46. Kxf3 Nd4+ 47.
Ke4 Nxb3 48. Kd5 Nd2 49. Kxc5 b3 50. Kb4 Nf3 51. Kxb3 Nxh4 52. Kc4 Ke6 53. Kd4
Nf3+ 54. Ke4 Ng5+ 55. Kf4 Nh3+ 56. Kg3 Ng5 57. Kh4 Nh7 58. Kh5 Nf8 59. g5 Kf5
60. Kh6 Ng6 61. e6 Ne7 62. Nc5 Ng6 63. Nd7 Ne7 64. Nf8 Nd5 65. g6 Ne7 66. g7 Kf6
67. Kh7 1-0

[Event "66th ch-RUS HL w 2016"]
[Site "Kolomna RUS"]
[Date "2016.06.28"]
[Round "6.8"]
[White "Schepetkova, Margarita"]
[Black "Styazhkina, Anna"]
[Result "1/2-1/2"]
[WhiteTitle "WIM"]
[BlackTitle "WIM"]
[WhiteElo "2355"]
[BlackElo "2297"]
[WhiteFideId "4189949"]
[BlackFideId "24119300"]
[EventDate "2016.06.22"]

1. d4 d5 2. c4 c6 3. Nc3 Nf6 4. e3 Bf5 5. cxd5 cxd5 6. Qb3 Nc6 7. Qxb7 Bd7 8.
Qb3 Rb8 9. Qd1 e5 10. dxe5 Nxe5 11. Be2 Bd6 12. f4 Nc6 13. Nf3 O-O 14. O-O Qe7
15. Nd4 Bc5 16. a3 a5 17. Bf3 Rfd8 18. Qd3 h6 19. Rd1 Nxd4 20. exd4 Ba7 21. h3
Bc6 22. Kh2 Ne4 23. Bxe4 dxe4 24. Qc4 Rbc8 25. d5 Bb7 26. Qxe4 Qxe4 27. Nxe4
Bxd5 28. Nc3 Bb3 29. Re1 Rd3 30. a4 Bf2 31. Rf1 Bg3+ 32. Kg1 Re8 33. f5 Rd4 34.
Nb5 Rxa4 35. Rxa4 Bxa4 36. Nc3 Bc6 37. Bf4 Bh4 38. Kh2 Bf6 39. Rd1 a4 40. Rd6
Rc8 41. Nd1 Be4 42. Ra6 Bc2 43. Nc3 Rc4 44. Kg3 Bxc3 45. bxc3 Rxc3+ 46. Kh2 Rc4
47. g3 Bxf5 48. h4 Rc2+ 49. Kg1 Bd7 50. Ra8+ Kh7 51. Ra7 Be8 52. Re7 Rc8 53. Ra7
Kg6 54. Ra5 Rc2 55. Kf1 Bd7 56. Ke1 Ra2 57. Bd6 Bg4 58. Kf1 Be6 59. Ke1 Bb3 60.
Kf1 Rd2 61. Bf4 Rd5 62. Rxd5 Bxd5 63. Bd6 Kf5 64. Ke2 Kg4 65. Kd2 a3 66. Kc2 Ba2
67. Kc3 Be6 68. Kc2 f5 69. Kb1 a2+ 70. Kb2 h5 71. Ka1 g5 72. hxg5 Kxg5 73. Kb2
Kg4 1/2-1/2

[Event "66th ch-RUS HL w 2016"]
[Site "Kolomna RUS"]
[Date "2016.06.28"]
[Round "6.9"]
[White "Gritsayeva, Oksana"]
[Black "Maltsevskaya, Aleksandra"]
[Result "1/2-1/2"]
[WhiteTitle "WFM"]
[WhiteElo "2336"]
[BlackElo "2285"]
[WhiteFideId "14104652"]
[BlackFideId "24174041"]
[EventDate "2016.06.22"]

1. e4 c5 2. Nf3 e6 3. c3 d5 4. exd5 Qxd5 5. d4 Nf6 6. Be2 cxd4 7. cxd4 Nc6 8.
Nc3 Qd6 9. O-O Be7 10. Nb5 Qd8 11. Ne5 O-O 12. Bc4 Qb6 13. Be3 Nd5 14. Bxd5 exd5
15. Nc3 Be6 16. Na4 Qb5 17. Nxc6 Qxc6 18. Qb3 Rac8 19. Rfc1 Qd7 20. Qd1 b6 21.
Bf4 Rxc1 22. Rxc1 Rc8 23. Nc3 h6 24. Qd3 Bf6 25. Re1 Bf5 26. Qe3 Rc4 27. Be5 Bg5
28. Bf4 Bf6 29. Be5 Bg5 30. Bf4 Bf6 31. Be5 1/2-1/2

[Event "66th ch-RUS HL w 2016"]
[Site "Kolomna RUS"]
[Date "2016.06.28"]
[Round "6.10"]
[White "Ubiennykh, Ekaterina"]
[Black "Maslova, Polina"]
[Result "1-0"]
[WhiteTitle "WIM"]
[BlackTitle "WFM"]
[WhiteElo "2324"]
[BlackElo "2249"]
[WhiteFideId "4137582"]
[BlackFideId "24178772"]
[EventDate "2016.06.22"]

1. d4 d5 2. c4 e6 3. Nc3 c6 4. e3 Nf6 5. Nf3 Nbd7 6. Bd3 dxc4 7. Bxc4 b5 8. Bd3
a6 9. a4 Bb7 10. O-O Be7 11. e4 b4 12. e5 bxc3 13. exf6 Nxf6 14. bxc3 O-O 15.
Rb1 Rb8 16. Bf4 Bd6 17. Bg5 c5 18. Qe2 Bc6 19. dxc5 Rxb1 20. Bxb1 Bxc5 21. Qc2
Re8 22. Rd1 Qa5 23. Bxf6 gxf6 24. Qxh7+ Kf8 25. Nh4 Bd5 26. Ng6+ fxg6 27. Bxg6
Bxf2+ 28. Kh1 Bxg2+ 29. Kxg2 Qg5+ 30. Kh1 1-0

[Event "66th ch-RUS HL w 2016"]
[Site "Kolomna RUS"]
[Date "2016.06.28"]
[Round "6.11"]
[White "Khokhlova, Daria"]
[Black "Zaiatz, Elena"]
[Result "0-1"]
[BlackTitle "IM"]
[WhiteElo "2214"]
[BlackElo "2344"]
[WhiteFideId "24182729"]
[BlackFideId "4139518"]
[EventDate "2016.06.22"]

1. Nf3 d5 2. g3 c6 3. Bg2 Bf5 4. O-O Nf6 5. d4 e6 6. c4 Nbd7 7. Nc3 h6 8. Nd2
Be7 9. e4 dxe4 10. Ndxe4 Nxe4 11. Nxe4 O-O 12. b3 Nf6 13. Nc3 Qa5 14. Bb2 Rad8
15. Qe2 Ba3 16. Rfd1 Rd7 17. Bxa3 Qxa3 18. Rd2 Qa5 19. Na4 e5 20. Nc5 Rxd4 21.
Rxd4 exd4 22. Qe5 Bc8 23. Qxd4 Rd8 24. Qe3 Re8 25. Qd4 Re1+ 26. Rxe1 Qxe1+ 27.
Bf1 Bh3 28. Qd8+ Kh7 29. Qd3+ g6 30. Qe2 Qa1 31. a4 b6 32. Nd3 Ne4 33. Ne1 Bxf1
34. Kxf1 Nc5 35. Qe7 Kg7 36. Qxa7 Nxb3 37. Qxb6 Qxa4 38. c5 Qc4+ 39. Kg1 Qd5 40.
Qb4 Nxc5 41. h4 Ne6 42. Qc3+ Nd4 43. Nc2 c5 44. Nxd4 Qxd4 45. Qc2 c4 46. Kf1 Kf6
47. Ke2 Ke5 48. f3 Kd5 49. Qb1 Kc5 50. Qb7 Qd3+ 51. Kf2 Qd2+ 52. Kf1 Qd5 53.
Qa7+ Kb4 54. Qb6+ Kc3 55. Qf6+ Kd3 56. Kg2 c3 57. Qa6+ Kd2 0-1

[Event "66th ch-RUS HL w 2016"]
[Site "Kolomna RUS"]
[Date "2016.06.28"]
[Round "6.12"]
[White "Chernyak, Viktoria"]
[Black "Severina, Maria"]
[Result "1/2-1/2"]
[WhiteTitle "WFM"]
[BlackTitle "WIM"]
[WhiteElo "2196"]
[BlackElo "2330"]
[WhiteFideId "24165956"]
[BlackFideId "4116909"]
[EventDate "2016.06.22"]

1. Nf3 Nf6 2. c4 b6 3. g3 Bb7 4. Bg2 e6 5. O-O c5 6. Nc3 Be7 7. Re1 O-O 8. e4 d6
9. d4 cxd4 10. Nxd4 Qc8 11. b3 a6 12. Ba3 Rd8 13. Rc1 Nbd7 14. Qe2 Nc5 15. b4
Ncd7 16. Nd5 Bf8 17. Bb2 Qb8 18. Nxf6+ Nxf6 19. a3 Qc7 20. Nb3 Nd7 21. Red1 Rac8
22. Qe3 Bc6 23. Rd2 h6 24. Nd4 Bb7 25. Rdc2 Qb8 26. Qb3 Qa8 27. Re2 Nf6 28. Qe3
Ng4 29. Qb3 e5 30. Nc2 Nf6 31. f3 b5 32. Ne3 Qa7 33. h3 bxc4 34. Rxc4 Rxc4 35.
Qxc4 d5 36. exd5 Nxd5 37. Qb3 Nf4 38. gxf4 exf4 39. Be5 fxe3 40. Qxe3 Qa8 41.
Bc3 Qc8 42. f4 Bxg2 43. Rxg2 Qf5 44. Rd2 Rc8 45. Kh2 Qb1 46. Rg2 Qb3 47. Bxg7
Qxe3 48. Bd4+ Kh7 49. Bxe3 Rc3 50. Bc5 Bxc5 51. bxc5 Rxc5 52. Rg3 Rc2+ 53. Kg1
Rc4 54. Rf3 Rc2 55. Rg3 Rc4 56. Rf3 Kg6 57. Kf2 Kf5 58. Kg3 h5 59. h4 f6 60. Rf1
Rc8 61. Rf3 Rg8+ 62. Kh3 Rb8 63. Kg3 a5 64. Rc3 a4 65. Rc5+ Kg6 66. f5+ Kf7 67.
Rc7+ Kf8 68. Rc6 Ke7 69. Rc7+ Kf8 70. Rc6 Ke7 71. Rc7+ Kd6 72. Ra7 Rg8+ 73. Kh3
Rg4 74. Ra6+ Ke5 75. Ra5+ Kd6 76. Ra6+ Ke7 77. Ra7+ 1/2-1/2

[Event "66th ch-RUS HL w 2016"]
[Site "Kolomna RUS"]
[Date "2016.06.28"]
[Round "6.13"]
[White "Lingur, Zalina"]
[Black "Belenkaya, Dina"]
[Result "0-1"]
[WhiteTitle "WFM"]
[BlackTitle "WFM"]
[WhiteElo "2182"]
[BlackElo "2299"]
[WhiteFideId "34165670"]
[BlackFideId "24142654"]
[EventDate "2016.06.22"]

1. e4 c6 2. d4 d5 3. Nd2 dxe4 4. Nxe4 Nf6 5. Nxf6+ exf6 6. c3 Bd6 7. Bd3 Be6 8.
Ne2 Qc7 9. Qc2 Nd7 10. Bd2 g6 11. c4 f5 12. Bc3 O-O 13. O-O-O a6 14. h4 b5 15.
c5 Be7 16. g4 fxg4 17. h5 Bg5+ 18. Kb1 Nf6 19. Bd2 Bxd2 20. Qxd2 Bc4 21. Bc2
Bxe2 22. Qxe2 Qf4 23. hxg6 hxg6 24. Qe5 Qxe5 25. dxe5 Nh5 26. Rhg1 Rae8 27. Rde1
f5 28. e6 Kg7 29. Bb3 Nf4 30. Re3 Nh3 31. Rf1 Re7 32. Rd3 f4 33. Bd1 f3 34. Bb3
Rf5 35. Rc3 Kf6 36. Kc2 Re5 37. Kd1 Re2 38. Rc2 Nf4 39. Rg1 Nh3 40. Rf1 Nf4 41.
Rg1 Kg5 42. Rxe2 Nxe2 43. Re1 g3 44. Rxe2 fxe2+ 45. Kxe2 g2 46. f4+ Kxf4 47. Kf2
Ke5 48. Kxg2 Rxe6 49. Bxe6 Kxe6 50. Kf3 Kd5 51. b4 Kc4 52. a3 Kb3 53. Ke4 g5 54.
Ke5 g4 55. Kd6 g3 56. Kxc6 g2 57. Kb6 g1=Q 58. Kxa6 Qg2 59. Ka5 Qc6 60. a4 bxa4
61. b5 Qxc5 62. Ka6 a3 63. b6 a2 0-1

[Event "66th ch-RUS HL w 2016"]
[Site "Kolomna RUS"]
[Date "2016.06.28"]
[Round "6.14"]
[White "Mukhina, Jana"]
[Black "Dordzhieva, Dinara"]
[Result "0-1"]
[BlackTitle "WIM"]
[WhiteElo "2017"]
[BlackElo "2296"]
[WhiteFideId "34115428"]
[BlackFideId "24157570"]
[EventDate "2016.06.22"]

1. e4 c5 2. Nf3 d6 3. Bb5+ Nd7 4. d4 Nf6 5. O-O cxd4 6. Qxd4 g6 7. e5 dxe5 8.
Qxe5 Bg7 9. Re1 O-O 10. Qxe7 Qa5 11. Qe2 a6 12. Bc4 b5 13. Bb3 Bb7 14. Be3 Qc7
15. h3 Nc5 16. Nbd2 Rfe8 17. c4 b4 18. Bc2 Nh5 19. Rab1 Rad8 20. a3 Qa5 21. Qf1
h6 22. axb4 Qxb4 23. Bxc5 Qxc5 24. b4 Qa7 25. Ba4 Ng3 26. Rxe8+ Rxe8 27. Qd3
Ne2+ 28. Kf1 Re6 29. Re1 Nf4 30. Qd8+ Bf8 31. c5 a5 32. Ne5 Bxg2+ 33. Kg1 axb4
34. Qh4 Qxa4 35. Qxf4 f6 36. Kxg2 Rxe5 37. Rxe5 fxe5 38. Qxe5 Qc6+ 39. Ne4 Bxc5
40. Kh2 Bf8 41. f4 b3 42. f5 gxf5 43. Qxf5 Bg7 44. Nd2 Qd6+ 45. Kh1 Qxd2 46.
Qe6+ Kf8 47. Qc8+ Kf7 48. Qb7+ Kg6 49. Qe4+ Kf6 50. Qc6+ Ke5 51. Qc7+ Ke4 52.
Qc4+ Bd4 53. Qe6+ Be5 54. Qc4+ Kf5 55. Qf7+ Bf6 56. Qh7+ Ke6 57. Qg8+ Ke7 58.
Qh7+ Kd6 59. Qg6 Qd5+ 60. Kh2 Qe5+ 61. Kh1 b2 62. Qb1 Qd5+ 0-1

[Event "66th ch-RUS HL w 2016"]
[Site "Kolomna RUS"]
[Date "2016.06.28"]
[Round "6.15"]
[White "Sukhareva, Evgeniya"]
[Black "Baraeva, Marina"]
[Result "1/2-1/2"]
[BlackTitle "WIM"]
[WhiteElo "2156"]
[BlackElo "2216"]
[WhiteFideId "4167155"]
[BlackFideId "24142573"]
[EventDate "2016.06.22"]

1. d4 d5 2. c4 c6 3. cxd5 cxd5 4. Nc3 Nf6 5. Bf4 Nc6 6. e3 a6 7. Nf3 Bg4 8. Be2
Rc8 9. O-O e6 10. Rc1 Bd6 11. Bxd6 Qxd6 12. Na4 Ne4 13. Nd2 Nxd2 14. Qxd2 Bxe2
15. Qxe2 O-O 16. Rc5 b5 17. Nc3 Nb8 18. Rxc8 Rxc8 19. Qd2 Nd7 20. Rc1 Nb6 21.
Ne2 Rc6 22. g3 g6 23. b3 Nd7 24. Kg2 Nf6 25. f3 h5 26. a3 Kg7 27. Kf2 h4 28.
Rxc6 Qxc6 29. Qc1 Qd6 30. Qc5 hxg3+ 31. hxg3 Qd8 32. b4 Qh8 33. Kg2 g5 34. g4
Qh7 35. Qc1 Qd3 36. Kf2 Kg6 37. Qc3 Qd1 38. Qc1 Qd3 39. Qc3 Qd1 40. Qc1 Qd3 41.
Qc3 1/2-1/2

[Event "66th ch-RUS HL w 2016"]
[Site "Kolomna RUS"]
[Date "2016.06.28"]
[Round "6.16"]
[White "Diakonova, Ekaterina"]
[Black "Ustich, Ekaterina"]
[Result "1-0"]
[WhiteElo "2212"]
[BlackElo "2007"]
[WhiteFideId "24172936"]
[BlackFideId "24179221"]
[EventDate "2016.06.22"]

1. e4 e5 2. Nf3 Nc6 3. Bb5 a6 4. Ba4 Nf6 5. O-O Be7 6. Re1 b5 7. Bb3 d6 8. c3
O-O 9. h3 a5 10. d4 a4 11. Bc2 Bd7 12. Nbd2 h6 13. Nf1 Re8 14. Ng3 Bf8 15. Nh2
Na5 16. f4 Nc4 17. f5 c5 18. d5 b4 19. Bd3 Na5 20. c4 Qc7 21. Nh5 Nh7 22. Re3
Kh8 23. Rg3 Qd8 24. Bd2 Nb7 25. Qf3 Qe7 26. Rf1 Nd8 27. Bxh6 gxh6 28. f6 Nxf6
29. Qxf6+ Qxf6 30. Nxf6 Bg7 31. Nxd7 1-0